Censura e omofobia nel cinema italiano

Enregistré dans:
Détails bibliographiques
Auteur principal: Piccione Fabio
Format: Livre
Langue:langue indéterminée
Publié: Pontedera Bandecchi & Vivaldi 2001
Tags: Ajouter un tag
Pas de tags, Soyez le premier à ajouter un tag!

MARC

LEADER 00000nam a2200000Ia 4500
001 379
003 NUMERAZIONE-ORIGINALE-BRESCIA
005 20260206230752.0
008 260206s9999 xx 000 0 und d
100 |a Piccione Fabio 
245 0 |a Censura e omofobia nel cinema italiano 
260 |a Pontedera 
260 |b Bandecchi & Vivaldi 
260 |c 2001 
942 |2 ddc  |c BK  |n 0 
952 |0 0  |1 0  |2 ddc  |4 0  |6 26  |7 0  |9 28578  |a BS  |b BS  |d 2026-02-06  |i 379  |l 0  |o 2-6-*  |r 2026-02-06 22:40:38  |w 2026-02-06  |x [REVISIONARE]  |y BK 
999 |c 24240  |d 24240